000 00650nam a2200241Ia 4500
001 dia_1823
003 CHAP
005 20251027153446.0
008 220117s1981 xx 000 0 und d
010 _a172362
040 _cCHAP
082 _a631.541 R5
100 _aRigau, Alejo
_997409
245 _aInjerto de los Frutales /
_c por Alejo Rigau
260 _aBarcelona :
_b Sintes,
_c1981
300 _a126 p.
400 _aBIBLIOTECA DEL AGRICULTOR
650 _a1.Injertos (agricultura).
_9151633
901 _a631.541 R5
902 _aM
905 _a0000001981 BARA 0000000000ESP00
942 _cLIBRO
_2ddc
999 _c172362
_d172362